France - Les communes "un peu particulières" - Statistiques

Statistiques générales
  • Ce quiz a été pris 45 fois
    32 depuis la dernière actualisation
  • Le résultat moyen est 21 sur 75
Statistiques - réponses
Question Réponse % Correct
Quelle est la particularité de Mouthe, dans le Doubs ? c'est la commune la plus froide de France
80%
Quelle est la spécificité d'Arles ? c'est la plus vaste commune en métropole
80%
Qu'a de particulier Ouessant ? elle abrite le point le plus occidental de France métropolitaire
80%
Quelle est la particularité des communes de Roselend, Port-Dieu et de Salles-sur-Verdon ? Elles ont été englouties
80%
Quelle est la particularité de St Joseph sur l'île de la Réunion ? c'est la commune française la plus méridionale
60%
Quel record détient Bray-Dunes ? c'est la commune la plus septentrionale
60%
Qu'a de particulier Maripasoula (Guyane) ? C'est la plus grande commune de France
60%
Quelle est la particularité de Castelmoron-d'Albret (33) ? c'est la plus petite commune de France
60%
Qu'a de particulier Chamonix-Mont-Blanc elle est la ville la plus haute de France
60%
Domrémy-la-Pucelle rappelle le souvenir de... Jeanne d'Arc
60%
Paris est... la commune la plus peuplée de France
60%
Oradour-sur-Glane a été détruite en 1944 par une division SS
60%
Le projet Lille-est est devenu la commune de Villeneuve-d'Ascq
60%
Le village de Lajoux dans le Jura a deux codes postaux 01410 et 39310
40%
Laveyrune en Ardèche... a un code postal correspondant à la Lozère
40%
Y, seule commune de France au nom en 1 lettre se trouve dans la Somme
40%
Aast, première commune par ordre alphabétique se trouve dans les Pyrénées-Atlantiques
40%
Le nom d'Amélie-les-Bains vient de la reine Marie-Amélie
40%
Lille, Amiens, Paris et Le Havre ont vu naître... des présidents de la République
40%
Marne-la-Vallée, Cergy-Pontoise et Sénart ont en commun d'être des villes nouvelles des années 1970
40%
Dieppe, Mimizan, Lannion, Collioure et Cassis ont en commun d'être parmi les plus concernées par l'érosion côtière
40%
La commune d'Illiers-Combray s'appelle ainsi en hommage à Marcel Proust
40%
Sainte-Croix-en-Jarez est la seule commune "Plus beau village de France" de la Loire
40%
Jusqu'en 2007, Saint-Barthélémy et Saint-Martin aux Antilles... étaient des communes de Guadeloupe
40%
Saint-Rémy-en-Bouzemont-Saint-Genest-et-Isson est la commune ayant le plus long nom de France
40%
La commune de Levallois-Perret est... la plus dense de France
40%
Saint-Germain-de-Pasquier (Eure) possède la plus petite mairie de France
40%
Rochefourchat dans la Drôme... n'a qu'un habitant
40%
Vichy, Lille, Saint-Nectaire et Roscoff ont un casino
40%
La commune de Vitry-le-François s'appelle ainsi parce qu'elle a été fondée par François 1er
40%
Le Val-de-Reuil, une ville nouvelle, est situé près de Rouen
40%
Saint-Omer, Dunkerque et Calais sont sous le niveau de la mer
40%
Béhuard dans le Maine-et-Loire est une commune insulaire
40%
Neuf-Brisach a été construit par Vauban
40%
Issandolanges, en Auvergne, a vu son dernier habitant partir en... 1924
20%
Colleville-Montgomery a pris ce nom en... 1946
20%
Annemasse (74), Tauves (63) et Dieppe (76) ont en commun... de figurer sur la liste officielle des communes touristiques
20%
Ailles, Courtecon, Hurlus ont en commun de ne pas avoir été reconstruites après la 1ère Guerre mondiale
20%
En 1477 et 1490 ont eu lieu dans la région de Clermont-Ferrand des séismes
20%
Bezonvaux, Cumières-le-Mort-Homme, Fleury-devant-Douaumont, Haumont-près-Samogneux et Louvemont-Côte-du-Poivre ont en commun... d'etre "Mortes pour la France"
20%
Le nom de la commune de Saintes vient du peuple gaulois appelé Santon
20%
Qu'a vécu Sainte-Adresse pendant la 1ère Guerre mondiale ? elle a été territoire belge
20%
Waltenheim-sur-Zorn est la seule commune à faire référence à ma Zorn
20%
Versailles a servi de modèle pour la construction de Washington
20%
Felger, Pondi et Landreger sont le nom breton de communes
20%
Que s'est-il passé en 2022 à Eourre dans les Hautes-Alpes les habitants ont voté à 91.03 % pour le même candidat à la Présidentielles
20%
Si on se donne rendez-vous devant la mairie d'Ambert on peut ne pas se trouver... parce qu'elle est ronde
20%
La commune de Le Saint fait référence à Saint Guénolé
20%
Paris a inspiré l'essentiel de l'architecture de la ville chinoise de Tiandu Cheng
20%
Sainte-Croix-en-Jarez un ancien monastère chartreux
20%
On appelle Troménie de Locronan (29) une procession
20%
Qu'on en commun les communes de Tréboul, et de Caramany ? Un Monument Historique situé sur leur territoire a été volontairement détruit
20%
Saint-Quentin-en-Yvelines est constituée d'anciennes communes, elle constitue une communauté d'agglomération, mais combien sont ces communes en 2022 ? 12
0%
Le Brezou a été abandonné en 1980, le village avait été construit dans les années 1970
0%
Le 2 décembre 1959, la rupture du barrage de Malpasset va causer la mort de 423 personnes
0%
Thorey-Lyautey... abrite la maison du maréchal Lyautey
0%
Richelieu, en Indre-et-Loire... a été fondée par le cardinal de Richelieu
0%
Zuydcoote est dans le Nord
0%
Le Touquet-Paris-Plage a pour spécificité d'avoir été créé en 1912
0%
La commune de La Bourboule a été créée par démembrement de celle de Murat-le-Quaire
0%
Chézy (03), Caloire (42), Le Fête (21), Morangis (51) et Bénifontaine (62) ont en commun... de ne pas avoir d'église
0%
Charmes (21), Burnand (71), Saint-Léonard (51) et Palazinges (19) ont en commun de ne pas avoir de monument aux morts
0%
Curmont et Hesdin ont pour spécificité d'être totalement enclavées dans une autre commune
0%
Le village de Lods tire son nom... d'un mot signifiant "honneur"
0%
En 1909 dans les environs de Lambesc, en Provence, il y a eu 46 morts et 250 blessés à cause... d'un séisme
0%
Qu'a de spécial Gatteville-le-Phare elle est aux antipodes des iles Antipodes
0%
Carla-Bayle a pris ce nom en hommage à Pierre Bayle
0%
A Bailleul en 1918... il n'y avait plus qu'une seule maison debout
0%
Le Vésinet a été créé par le duc de Morny qui était... le demi-frère de Napoléon III
0%
Bouzy, Reims, Les Riceys et Aÿ sont les communes produisant le champagne
0%
Qu'a pu vivre la commune d'Ohoz dans le Jura ? on y a déplacé un édifice
0%
Bellevue-la-Montagne s'appelait avant la Révolution... Saint-Just
0%
Caloire, dans la Loire, s'est appelée En deçà de Loire
0%
Brie-Comte-Robert doit son nom à... son premier seigneur
0%
Un même type de bâtiment existe à Brioude, Luxeuil-les-Bains, Ablain-Saint-Nazaire et Domrémy une basilique
0%
Aucun quiz correspondant
Distribution des résultats
% des personnes avec chaque résultat
Percentile par nombre de réponses
Votre historique - résultats
Vous n’avez pas pris ce quiz depuis la dernière actualisation